00414nam a2200157Ia 45000010006000000050017000060080041000230410008000640820017000721000030000892450081001192600009002003000031002096500008002406540008002481441920260306164913.0260306t1997||||xx |||||||||||||| ||spa|| aESP a514.742bG48 aGiona, Massimiliano,eAUT 0aFractals and chaos in chemical engineering :bRome, Italy 2-5 september 1996 c1997 ax, 710 páginas :c22 cm. aGEN aCMA